000
00250nam a22001097a 4500
082
_a
621.3 RID'H
100
_a
RIDER, J. F,PRENSTY, S. D
_9
56570
245
_a
HOW TO USE METERS
260
_a
NEWYORK
_b
JOHN WILEY
_c
1960
300
_a
208P
942
_c
BK
999
_c
566959
_d
566959